Detalles MARC
| 000 -CABECERA |
| Longitud fija campo de control |
02313nam a2200529 i 4500 |
| 001 - NÚMERO DE CONTROL |
| Número de control |
53375 |
| 003 - IDENTIFICADOR DE NÚMERO DE CONTROL |
| Identificador del número de control |
ES-MaCES |
| 005 - FECHA Y HORA DE LA ÚLTIMA TRANSACCIÓN |
| Fecha y hora de la última transacción |
20250721141027.0 |
| 007 - PHYSICAL DESCRIPTION FIXED FIELD--GENERAL INFORMAT |
| Campo fijo de descripción física |
cr ||||||||||| |
| 008 - CAMPO FIJO DE DESCRIPCIÓN FIJA--INFORMACIÓN GENERAL |
| Códigos de información de longitud fija |
241022s2024 sp || o000 | spa d |
| 017 ## - NÚMERO DE REGISTRO DE DERECHOS DE AUTOR Y DEPÓSITO LEGAL |
| Número de copyright o de depósito legal |
M 13495-2024 |
| Agencia que asigna el número |
DL |
| 020 ## - ISBN (INTERNATIONAL STANDARD BOOK NUMBER) |
| Número Internacional Normalizado para Libros (ISBN) |
9788434029323 |
| 024 7# - OTROS IDENTIFICADORES |
| Número normalizado o código |
117-21-005-9 |
| Fuente del número o código |
nipo (MITES) |
| 024 7# - OTROS IDENTIFICADORES |
| Número normalizado o código |
121-21-009-0 |
| Fuente del número o código |
nipo (MISSMI) |
| 024 7# - OTROS IDENTIFICADORES |
| Número normalizado o código |
144-24-124-8 |
| Fuente del número o código |
nipo (AEBOE) |
| 040 ## - FUENTE DE CATALOGACIÓN |
| Centro catalogador de origen |
ES-MaCES |
| Lengua de catalogación |
spa |
| Centro transcriptor |
ES-MaCES |
| 245 00 - MENCIÓN DE TÍTULO |
| Título |
Guía laboral [del] Ministerio de Trabajo y Economía Social [y], Ministerio de Inclusión, Seguridad Social y Migraciones 2024 |
| Resto del título |
: empleo, fomento del empleo (...) : [act. a 30 de abril de 2024] |
| Mención de responsabilidad, etc. |
[realizada por la Subsecretaría de Trabajo y Economía Social y Subsecretaría de Inclusión, Seguridad Social y Migraciones]] |
| 260 ## - PUBLICACIÓN, DISTRIBUCIÓN, ETC (PIE DE IMPRENTA) |
| Lugar de publicación, distribución, etc. |
Madrid |
| Nombre del editor, distribuidor, etc. |
Ministerio de Trabajo y Economía Social (MITES) |
| 260 ## - PUBLICACIÓN, DISTRIBUCIÓN, ETC (PIE DE IMPRENTA) |
| Nombre del editor, distribuidor, etc. |
Ministerio de Inclusión, Seguridad Social y Migraciones (MISSMI) |
| 260 ## - PUBLICACIÓN, DISTRIBUCIÓN, ETC (PIE DE IMPRENTA) |
| Nombre del editor, distribuidor, etc. |
Agencia Estatal Boletín Oficial del Estado (AEBOE) |
| Fecha de publicación, distribución, etc. |
2024 |
| 300 ## - DESCRIPCIÓN FÍSICA |
| Extensión |
1102 p. |
| Dimensiones |
23 cm |
| Material anejo |
1 documento pdf (25,8 mb) |
| 500 ## - NOTA GENERAL |
| Nota general |
Índices |
| 541 ## - NOTA DE LA FUENTE INMEDIANTE DE ADQUISICIÓN |
| Forma de adquisición |
Compra |
| 650 #4 - ASIENTO SECUNDARIO DE MATERIA--TÉRMINO DE MATERIA |
| Término de materia o nombre geográfico como elemento inicial |
empleo |
| 9 (RLIN) |
28299 |
| 650 #4 - ASIENTO SECUNDARIO DE MATERIA--TÉRMINO DE MATERIA |
| Término de materia o nombre geográfico como elemento inicial |
fomento del empleo |
| 9 (RLIN) |
30270 |
| 650 #4 - ASIENTO SECUNDARIO DE MATERIA--TÉRMINO DE MATERIA |
| Término de materia o nombre geográfico como elemento inicial |
formación profesional |
| 9 (RLIN) |
27394 |
| 650 #4 - ASIENTO SECUNDARIO DE MATERIA--TÉRMINO DE MATERIA |
| Término de materia o nombre geográfico como elemento inicial |
contratación |
| 9 (RLIN) |
28323 |
| 650 #4 - ASIENTO SECUNDARIO DE MATERIA--TÉRMINO DE MATERIA |
| Término de materia o nombre geográfico como elemento inicial |
negociación colectiva |
| 9 (RLIN) |
28362 |
| 650 #4 - ASIENTO SECUNDARIO DE MATERIA--TÉRMINO DE MATERIA |
| Término de materia o nombre geográfico como elemento inicial |
relaciones laborales |
| 9 (RLIN) |
28369 |
| 650 #4 - ASIENTO SECUNDARIO DE MATERIA--TÉRMINO DE MATERIA |
| Término de materia o nombre geográfico como elemento inicial |
seguridad social |
| 9 (RLIN) |
27034 |
| 650 #4 - ASIENTO SECUNDARIO DE MATERIA--TÉRMINO DE MATERIA |
| Término de materia o nombre geográfico como elemento inicial |
prestaciones por desempleo |
| 9 (RLIN) |
27043 |
| 650 #4 - ASIENTO SECUNDARIO DE MATERIA--TÉRMINO DE MATERIA |
| Término de materia o nombre geográfico como elemento inicial |
cotizaciones |
| 9 (RLIN) |
30106 |
| 650 #4 - ASIENTO SECUNDARIO DE MATERIA--TÉRMINO DE MATERIA |
| Término de materia o nombre geográfico como elemento inicial |
régimen de pensión |
| 9 (RLIN) |
27042 |
| 650 #4 - ASIENTO SECUNDARIO DE MATERIA--TÉRMINO DE MATERIA |
| Término de materia o nombre geográfico como elemento inicial |
legislación de seguridad social |
| 9 (RLIN) |
29855 |
| 650 #4 - ASIENTO SECUNDARIO DE MATERIA--TÉRMINO DE MATERIA |
| Término de materia o nombre geográfico como elemento inicial |
legislación del trabajo |
| 9 (RLIN) |
27166 |
| 650 #4 - ASIENTO SECUNDARIO DE MATERIA--TÉRMINO DE MATERIA |
| Término de materia o nombre geográfico como elemento inicial |
España |
| 9 (RLIN) |
26964 |
| 650 #7 - ASIENTO SECUNDARIO DE MATERIA--TÉRMINO DE MATERIA |
| Término de materia o nombre geográfico como elemento inicial |
2024 |
| 9 (RLIN) |
41055 |
| 650 #4 - ASIENTO SECUNDARIO DE MATERIA--TÉRMINO DE MATERIA |
| Término de materia o nombre geográfico como elemento inicial |
guía |
| 9 (RLIN) |
29262 |
| 653 10 - TÉRMINO DE INDEXACIÓN--NO CONTROLADO |
| Término no controlado |
Relaciones laborales-Empleo |
| 710 1# - ENCABEZAMIENTO SECUNDARIO--NOMBRE CORPORATIVO |
| Nombre de entidad o nombre de jurisdicción como elemento inicial |
España |
| Unidad subordinada |
Ministerio de Trabajo y Economía Social |
| Término indicativo de función |
ed. |
| 9 (RLIN) |
39731 |
| 710 2# - ENCABEZAMIENTO SECUNDARIO--NOMBRE CORPORATIVO |
| Nombre de entidad o nombre de jurisdicción como elemento inicial |
España |
| Unidad subordinada |
Ministerio de Inclusión, Seguridad Social y Migraciones |
| Término indicativo de función |
ed. |
| 9 (RLIN) |
40056 |
| 710 2# - ENCABEZAMIENTO SECUNDARIO--NOMBRE CORPORATIVO |
| Nombre de entidad o nombre de jurisdicción como elemento inicial |
Boletín Oficial del Estado (España) |
| Término indicativo de función |
ed. |
| 9 (RLIN) |
1662 |
| 787 0# - ENTRADA DE OTRAS ESPECIFICACIONES |
| Título |
Guía laboral [del] Ministerio de Trabajo y Economía Social [y] Ministerio de Inclusión, Seguridad Social y Migraciones 2023 |
| Número de control del registro relacionado |
(ES-MaCES)52960 |
| 856 4# - ACCESO ELECTRÓNICO |
| Identificador Uniforme del Recurso (URI) |
http://biblioteca.ces.es/repintra/B53375.pdf |
| Texto del enlace |
texto completo |
| Nota pública |
[intranet] |
| 902 ## - CES. TIPO DE DOCUMENTO |
| Tipodoc (006$c Sirtex) |
LIB Libro |
| 942 ## - ELEMENTOS KOHA |
| Fuente de clasificaión o esquema |
Clasificación propia del CES |
| Koha [por defecto] tipo de item |
Monografías |
| Parte de clasificación |
Relaciones Laborales y Rel. Lab.- Empleo |